LEADER 01046nam0 22003013i 450 001 RLZ0202830 005 20231121125650.0 100 $a20170404d1981 ||||0itac50 ba 101 | $aita 102 $ait 181 1$6z01$ai $bxxxe 182 1$6z01$an 200 1 $aAlgebra moderna$eteoria e problemi$fFrank Ayres Jr 210 $aMilano$cEtas libri$d1981 215 $a238 p.$d27 cm 225 | $aCollana Schaum$v46 300 $aTit.orig.: Shaum's outline of theory and problems of modern algebra 410 0$1001CFI0001963$12001 $aCollana Schaum$v46 700 1$aAyres$b, Frank$3RAVV061797$4070$0110 790 1$aAyres$b, Frank$c $3CFIV149202$zAyres, Frank 801 3$aIT$bIT-01$c20170404 850 $aIT-FR0099 899 $aBiblioteca Area Ingegneristica$bFR0099 $eN 912 $aRLZ0202830 950 0$aBiblioteca Area Ingegneristica$d 54S. L. SCHAUM 46$e 54VM 0000001975 VMB $fA $h20170404$i20170404 977 $a 54 996 $aModern algebra$927462 997 $aUNICAS